Ανάπτυξη εφαρμογών σε προγραμματιστικό περιβάλλον : τετράδιο μαθητή Γ' Ενιαίου Λυκείου (Τεχνολογικής Κατεύθυνσης)

Αποθηκεύτηκε σε:
Λεπτομέρειες βιβλιογραφικής εγγραφής
Συγγραφή απο Οργανισμό/Αρχή: Υπουργείο Εθνικής Παιδείας και Θρησκευμάτων Παιδαγωγικό Ινστιτούτο
Άλλοι συγγραφείς: Βακάλη, Αθηνά
Μορφή: Βιβλίο
Γλώσσα:Greek
Δημοσίευση: Αθήνα : Οργανισμός Εκδόσεως Διδακτικών Βιβλίων, 2003.
Έκδοση:3η έκδ.
Θέματα:
Ετικέτες: Προσθήκη ετικέτας
Δεν υπάρχουν, Καταχωρήστε ετικέτα πρώτοι!

MARC

LEADER 00000cam a2200000 i 4500
001 1/74335
008 050324s2003 gr | ||| |||| ||gre||
020 |a 9600611483 
035 |l 10077353 
040 |a GR-MyUA  |b gre  |e AACR2 
041 0 |a gre 
082 0 |a 005.1  |2 (21) 
245 1 0 |a Ανάπτυξη εφαρμογών σε προγραμματιστικό περιβάλλον :   |b τετράδιο μαθητή Γ' Ενιαίου Λυκείου (Τεχνολογικής Κατεύθυνσης) /   |c Α. Βακάλη ... [κ. ά.].  
250 |a 3η έκδ.  
260 |a Αθήνα :   |b Οργανισμός Εκδόσεως Διδακτικών Βιβλίων,   |c 2003.  
300 |a 234 σ. :   |b εικ. ;   |c 28 εκ.  
500 |a Το παράρτημα Σύρου έχει την ΣΤ' επανέκδοση του 2006.  
650 0 0 |a Computer programming  |x Study and teaching (Higher)  |x Problems, exercises, etc. 
650 0 0 |a Computer algorithms  |x Study and teaching (Higher)  |x Problems, exercises, etc. 
700 1 |a Βακάλη, Αθηνά. 
710 2 |a Υπουργείο Εθνικής Παιδείας και Θρησκευμάτων  |b Παιδαγωγικό Ινστιτούτο. 
852 |a INST  |b SAMOS  |e 20050324  |h 005.1 ΑΝΑ  |p 005300025273  |q 005300025273  |t BK  |y 0 
852 |a INST  |b SYROS  |e 20090407  |h 005.1 ΑΝΑ  |p 005500008519  |q 005500008519  |t BK  |y 0 
901 |a BIBL5-2009-1 
901 |a BIBL3-2005-1 
909 |a Ε  |b 144483 
909 |a Σ  |b 114426 
922 |a 5ΕΛΗ  |b 200801  |c ΕΠΕΑΕΚ2/ΤΜΣΠΣ  |d Σ. ΠΑΤΑΚΗΣ 
970 |a ΜΑΛΑΓΑΡΗ  |b ΦΩΤΕΙΝΗ  |z 2005/03/24